| 000 | 00350nam a22001457a 4500 | ||
|---|---|---|---|
| 008 | 210607b ||||| |||| 00| 0 eng d | ||
| 020 | _a2900691156889 | ||
| 041 | _aeng | ||
| 080 | _a32 | ||
| 082 | _a32 | ||
| 100 | _a19 | ||
| 101 | _aSHP | ||
| 245 |
_aThe Gamble Choice and Chance in the 2012 Presidential Election _cJohn Sides |
||
| 942 |
_2udc _cBK |
||
| 999 |
_c57987 _d57987 |
||